LIBRARY & INFORMATION CENTRE, KCAET, TAVANUR

ONLINE PUBLIC ACCESS CATALOGUE (OPAC)

Design data handbook (Record no. 13926)

MARC details
000 -LEADER
fixed length control field 00299nam a22001217a 4500
020 ## - INTERNATIONAL STANDARD BOOK NUMBER
ISBN 9788187721628
020 ## - INTERNATIONAL STANDARD BOOK NUMBER
ISBN 9788184722697
082 ## - DEWEY DECIMAL CLASSIFICATION NUMBER
Classification number 621.815
Item number JAL/DE
100 ## - MAIN ENTRY--AUTHOR NAME
Personal name Jalaludeen, Md. S
245 ## - TITLE STATEMENT
Title Design data handbook
260 ## - PUBLICATION, DISTRIBUTION, ETC. (IMPRINT)
Place of publication Kumbakonam
Name of publisher Anuradha Publications
Year of publication 2012
942 ## - ADDED ENTRY ELEMENTS (KOHA)
Koha item type Books
Holdings
Withdrawn status Lost status Damaged status Collection code Home library Current library Shelving location Date acquired Source of acquisition Cost, normal purchase price Full call number Accession Number Koha item type
      Non-fiction KAUAET KAUAET General Stacks 30/03/2013 Calicut Book Distributors 340.00 621.815 JAL/DE 23662 Books
        KAUAET KAUAET Scheme 25/03/2017   450.00 621.815 JAL/DE BB 463 Book Bank scheme for SC students
        KAUAET KAUAET Scheme 25/03/2017   450.00 621.815 JAL/DE BB 464 Book Bank scheme for SC students
        KAUAET KAUAET General Stacks 31/03/2018 Vigyan Books 450.00 621.815 JAL/DE 25710 Books
        KAUAET KAUAET General Stacks 31/03/2018 Vigyan Books 450.00 621.815 JAL/DE 25711 Books
free website counter